Agroecosystems Facing Global Climate Change: The Search for Sustainability (Record no. 13087)
[ view plain ]
| 000 -LEADER | |
|---|---|
| fixed length control field | 00692nam a2200145Ia 4500 |
| 008 - FIXED-LENGTH DATA ELEMENTS--GENERAL INFORMATION | |
| fixed length control field | 220615s9999||||xx |||||||||||||| ||und|| |
| 020 ## - INTERNATIONAL STANDARD BOOK NUMBER | |
| International Standard Book Number | 9782890000000 |
| 022 ## - INTERNATIONAL STANDARD SERIAL NUMBER | |
| International Standard Serial Number | 16648714 |
| 245 #0 - TITLE STATEMENT | |
| Title | Agroecosystems Facing Global Climate Change: The Search for Sustainability |
| 546 ## - LANGUAGE NOTE | |
| Language note | English[eng] |
| 650 ## - SUBJECT ADDED ENTRY--TOPICAL TERM | |
| Topical term or geographic name entry element | agroecology||Best management practices||Biotic and Abiotic Stresses||Carbon Sequestration||Crop performance||Environmental sustainability||Native plants||soil properties |
| 700 ## - ADDED ENTRY--PERSONAL NAME | |
| Personal name | Mirás-Avalos, José M.||Baveye, Philippe C. |
| 856 ## - ELECTRONIC LOCATION AND ACCESS | |
| Uniform Resource Identifier | <a href="https://www.frontiersin.org/research-topics/5906/agroecosystems-facing-global-climate-change-the-search-for-sustainability">https://www.frontiersin.org/research-topics/5906/agroecosystems-facing-global-climate-change-the-search-for-sustainability</a> |
| 942 ## - ADDED ENTRY ELEMENTS (KOHA) | |
| Koha item type | E-Books |
| Withdrawn status | Lost status | Damaged status | Not for loan | Home library | Current library | Date acquired | Total Checkouts | Date last seen | Price effective from | Koha item type |
|---|---|---|---|---|---|---|---|---|---|---|
| Kerala University of Digital Sciences, Innovation and Technology Knowledge Centre | Kerala University of Digital Sciences, Innovation and Technology Knowledge Centre | 15/06/2022 | 15/06/2022 | 15/06/2022 | E-Books |